| 000 | 01361nam a22003737a 4500 | ||
|---|---|---|---|
| 003 | CHAP | ||
| 005 | 20250131101135.0 | ||
| 008 | 120619s2011 mx a r 00010 spa d | ||
| 010 | _a103384 | ||
| 011 | _a104356 | ||
| 020 | _a9786071202123 | ||
| 035 | _a115046 | ||
| 040 | _cCHAP | ||
| 090 | _aFolleto 18289 | ||
| 100 | 0 | 0 |
_aKrishnamurthy, Laksmi Reddiar _963939 |
| 245 | 1 | 0 |
_aGuía para el establecimiento de un sistema agroforestal silvopastoril : _bpiñón - pastos, en la zona norte del Estado de Veracruz _c/por Laksmi Reddiar Krishnamurthy, Arturo Peralta Solares y Indumathi Rajagopal |
| 260 |
_aChapingo, Méx. : _bUACH, _c2011 |
||
| 300 |
_a10 p. : _bilus. |
||
| 490 | 0 |
_aFolleto técnico _v; 3 |
|
| 590 |
_aBATCH-UPD _b10 _c20130110 _lUCH01 _h0845 |
||
| 590 |
_aBATCH-UPD _b10 _c20130410 _lUCH01 _h0519 |
||
| 590 |
_aBATCH-UPD _b10 _c20130913 _lUCH01 _h2214 |
||
| 590 |
_aCONVERSION _b10 _c20130109 _lUCH01 _h1357 |
||
| 650 | 1 | 4 |
_aAgroforestería _zVeracruz. _92181 |
| 650 | 1 | 4 |
_aCambios climáticos. _917792 |
| 650 | 1 | 4 |
_aPastos _xVeracruz. _986088 |
| 650 | 1 | 4 |
_aPiñón _xCultivo. _988478 |
| 700 | 0 |
_aRajagopal Reddiar, Indumathi. _993771 |
|
| 700 | 1 |
_aPeralta Solares _987050 |
|
| 830 | 0 |
_aFolleto técnico _v; 3 _942067 |
|
| 901 | _aBK | ||
| 942 | _cFOLL | ||
| 949 |
_aFolleto 18289 _bBC _cUACH _d33724002343769 _eUACH _gDonaciØn _i115046 _sb |
||
| 999 |
_c103384 _d103384 |
||